La promesa en blanco

Furkejuvvon:
Bibliográfalaš dieđut
Váldodahkki: Arenas, Braulio (Dahkki)
Materiálatiipa: Girji
Giella:espánnjágiella
Almmustuhtton: Santiago Quimantú 1972
Ráidu:Colección Cordillera. Narrativa
Fáttát:
Fáddágilkorat: Lasit fáddágilkoriid
Eai fáddágilkorat, Lasit vuosttaš fáddágilkora!

MARC

LEADER 00000nam a2200000 a 4500
001 UCX4433
003 CL-VaPUC
008 920513e19720000CL |||||||||||||||||spa|d
082 0 4 |a Ch863  |b ARE  |2 21 
100 0 |a Arenas, Braulio  |e author  |9 320605 
245 1 3 |a La promesa en blanco 
300 |a 223 p 
942 |c BK 
945 |d 19920513 00:00:00 
260 |a Santiago  |b Quimantú  |c 1972 
650 0 |a Novelas chilenas   |9 265425 
583 |a last modification  |c 19920513 00:00:00  |k Rodrigo Vera 
490 0 |a Colección Cordillera. Narrativa 
999 |c 224890  |d 224888 
952 |0 0  |1 0  |4 0  |6 CH_863_000000000000000_ARE_1972  |7 0  |8 A  |9 221918  |a BIBEDU  |b BIBEDU  |d 2019-11-15  |i 290800K  |o Ch863 ARE 1972  |p 290800K  |r 2019-11-15  |w 2019-11-15  |y BK  |k LIT